000
00284nam a22001217a 4500
008
170620b xxu||||| |||| 00| 0 eng d
041
_a
eng
080
_a
32
100
_a
20
101
_a
ahp
245
_a
INTELLEGENCE FROM SECRETS TO POLICY
_c
LOWENTHAL.M.M
942
_2
udc
_c
BK
999
_c
18272
_d
18272